| 000 | 00617nam a2200205Ia 4500 | ||
|---|---|---|---|
| 003 | GCL | ||
| 008 | 140319s9999 xx 000 0 ara d | ||
| 020 | _a7255172977 | ||
| 040 |
_aGCL / _cGCL |
||
| 082 | 0 | 4 |
_a214 _bا د |
| 100 | 1 | _aاحمد عمر هاشم | |
| 245 | 1 | 0 |
_aالدعوة الاسلامية : _bمنهجها ومعالمها / _cاحمد عمر هاشم |
| 260 |
_aالقاهرة : _bمكتبة غريب ، _c1995 |
||
| 300 |
_a256 ص ؛ _c24 سم |
||
| 490 | _a | ||
| 650 | 0 | 4 | _aالاسلام |
| 650 | 0 | 4 | _aالاسلام - دعوة |
| 650 | 0 | 4 | _aالاسلام - مباحث |
| 942 |
_2ddc _cBK |
||
| 999 |
_c38658 _d38658 |
||